书目信息 |
| 题名: |
非煤矿职工安全培训教材
|
|
| 作者: | 李志宪 主编 | |
| 分册: | ||
| 出版信息: | 北京 中国石化出版社 2002.05 |
|
| 页数: | 337页 | |
| 开本: | 20cm | |
| 丛书名: | 全国非煤矿山安全培训教材 | |
| 单 册: | ||
| 中图分类: | TD7 | |
| 科图分类: | ||
| 主题词: | 矿山安全--安全技术--技术培训--教材 | |
| 电子资源: | ||
| ISBN: | 7-80164-234-1 | |
| 000 | 00914nam 2200253 450 | |
| 001 | 192004004573 | |
| 005 | 20070912102550.31 | |
| 010 | @a7-80164-234-1@dCNY20.00 | |
| 100 | @a20070604d2002 ekmy0chiy0121 ea | |
| 101 | 0 | @achi |
| 102 | @aCN@b110000 | |
| 105 | @aa a 000yy | |
| 200 | 1 | @a非煤矿职工安全培训教材@Afei mei kuang zhi gong an quan pei xun jiao cai@f李志宪主编 |
| 210 | @a北京@c中国石化出版社@d2002.05 | |
| 215 | @a337页@c图@d20cm | |
| 225 | 2 | @a全国非煤矿山安全培训教材@Aquan guo fei mei kuang shan an quan pei xun jiao cai |
| 320 | @a有书目 (第336-337页) | |
| 330 | @a本书系统地介绍了非煤矿山各类灾害形成的原因及预防措施。全书共分为矿山安全基础知识、矿山安全生产法规、矿井通风等内容。 | |
| 410 | 0 | @12001 @a全国非煤矿山安全培训教材 |
| 606 | 0 | @a矿山安全@x安全技术@x技术培训@j教材 |
| 690 | @aTD7@v4 | |
| 701 | 0 | @a李志宪@Ali zhi xian@4主编 |
| 801 | 0 | @aCN@c20070912 |
| 905 | @dTD7@eL3372 | |
| 非煤矿职工安全培训教材/李志宪主编.-北京:中国石化出版社,2002.05 |
| 337页:图;20cm.-(全国非煤矿山安全培训教材) |
| ISBN 7-80164-234-1:CNY20.00 |
| 本书系统地介绍了非煤矿山各类灾害形成的原因及预防措施。全书共分为矿山安全基础知识、矿山安全生产法规、矿井通风等内容。 |
| ● |
| 相关链接 |
|
|
|
正题名:非煤矿职工安全培训教材
索取号:TD7/L3372
 
预约/预借
| 序号 | 登录号 | 条形码 | 馆藏地/架位号 | 状态 | 备注 |
| 1 | 618989 | 206189890 | 自科库501/501自科库 21排2列3层/ [索取号:TD7/L3372] | 在馆 | |
| 2 | 618990 | 206189907 | 自科二线504/504自科库 41排5列1层/ [索取号:TD7/L3372] | 在馆 | |
| 3 | 618991 | 206189916 | 自科库501/501自科库 21排2列3层/ [索取号:TD7/L3372] | 在馆 |